PANDUAN ANALISIS: GEOGRAFI 1 SPM (Record no. 60643)

000 -LEADER
fixed length control field 00520nam a22001937a 4500
003 - CONTROL NUMBER IDENTIFIER
control field MPLRDC
005 - DATE AND TIME OF LATEST TRANSACTION
control field 20220104175917.0
008 - FIXED-LENGTH DATA ELEMENTS--GENERAL INFORMATION
fixed length control field 210129b ||||| |||| 00| 0 eng d
020 ## - INTERNATIONAL STANDARD BOOK NUMBER
International Standard Book Number 967-65-1204-4
082 ## - DEWEY DECIMAL CLASSIFICATION NUMBER
Classification number 524.945 LEO-7 v.1 1976-1989
100 ## - MAIN ENTRY--PERSONAL NAME
Personal name GOH CHENG LEONG
245 ## - TITLE STATEMENT
Title PANDUAN ANALISIS: GEOGRAFI 1 SPM
Statement of responsibility, etc.
250 ## - EDITION STATEMENT
Edition statement 三版
260 ## - PUBLICATION, DISTRIBUTION, ETC.
Place of publication, distribution, etc.
Name of publisher, distributor, etc. PENERBIT FAJAR BAKTI S/B
Date of publication, distribution, etc. 1990
300 ## - PHYSICAL DESCRIPTION
Other physical details
490 ## - SERIES STATEMENT
Series statement SIRI PANDUAN ANALISIS FAJAR BAKTI
650 ## - SUBJECT ADDED ENTRY--TOPICAL TERM
Topical term or geographic name entry element
942 ## - ADDED ENTRY ELEMENTS (KOHA)
Koha item type Book
-- 524.945 LEO-7 v.1 1976-1989
Holdings
Withdrawn status Lost status Source of classification or shelving scheme Damaged status Not for loan Collection code Home library Current library Shelving location Date acquired Cost, normal purchase price Total Checkouts Full call number Barcode Date last seen Date last checked out Price effective from Koha item type Public note
            Malaysian Public Library, Research and Development Centre Malaysian Public Library, Research and Development Centre   10/12/2007 7.95   524.945 LEO-7 v.1 1976-1989 M0000961 18/03/2021 23/02/2008 18/03/2021 Book mplrdc

© 2022. Malaysian Public Library, Research and Development Centre. All Right ReservedE-mailmplrdc@help.edu.my 

Powered by Koha